[Event "23rd ETCC Women 2021"]
[Site "Catez"]
[Date "2021.11.20"]
[Round "8.21"]
[White "Zaksaite, Salomeja"]
[Black "Danielian, Elina"]
[Result "0-1"]
[WhiteElo "2250"]
[BlackElo "2450"]
[Annotator "ChessBase"]
[PlyCount "120"]
[EventDate "2021.11.08"]
[EventType "team-tourn"]
[EventCountry "SLO"]
[SourceTitle "playchess.com"]
[Source "ChessBase"]
[SourceQuality "1"]
[WhiteTeam "Lithuania"]
[BlackTeam "Armenia"]
[WhiteTeamCountry "LTU"]
[BlackTeamCountry "ARM"]
[TimeControl "40/5400+30:1800+30"]

1. e4 {[%emt 0:00:10]} d6 {[%emt 0:00:05]} 2. d4 {[%emt 0:00:29]} g6 {[%emt 0:
00:06]} 3. Be3 {[%emt 0:03:50]} Bg7 {[%emt 0:03:05]} 4. Nc3 {[%emt 0:01:26]} a6
{[%emt 0:00:05]} 5. Qd2 {[%emt 0:00:09]} Nd7 {[%emt 0:01:32]} 6. Nf3 {[%emt 0:
02:32]} b5 {[%emt 0:00:36]} 7. a4 {[%emt 0:08:10]} b4 {[%emt 0:01:02]} 8. Nd5 {
[%emt 0:00:05]} a5 {[%emt 0:00:55]} 9. c3 {[%emt 0:00:52]} e6 {[%emt 0:07:52]}
10. Nf4 {[%emt 0:01:58]} bxc3 {[%emt 0:07:40]} 11. Qxc3 {[%emt 0:04:46]} Bb7 {
[%emt 0:01:38]} 12. Qc2 {[%emt 0:03:48]} Ne7 {[%emt 0:04:25]} 13. Bd3 {[%emt 0:
03:45]} O-O {[%emt 0:00:17]} 14. O-O {[%emt 0:00:41]} Nc6 {[%emt 0:00:37]} 15.
Rfc1 {[%emt 0:11:29]} Nb4 {[%emt 0:08:54]} 16. Qxc7 {[%emt 0:01:36]} Nxd3 {
[%emt 0:01:28]} 17. Nxd3 {[%emt 0:00:38]} Bxe4 {[%emt 0:00:05]} 18. Nfe1 {
[%emt 0:00:06]} Nb6 {[%emt 0:01:19]} 19. b4 {[%emt 0:19:46]} Qxc7 {[%emt 0:11:
08]} 20. Rxc7 {[%emt 0:00:03]} axb4 {[%emt 0:04:34]} 21. Nxb4 {[%emt 0:00:05]}
Nxa4 {[%emt 0:02:26]} 22. f3 {[%emt 0:00:30]} Nb6 {[%emt 0:01:31]} 23. Rxa8 {
[%emt 0:01:00]} Bxa8 {[%emt 0:00:07]} 24. Nec2 {[%emt 0:07:05]} h6 {[%emt 0:08:
01]} 25. Bf4 {[%emt 0:01:41]} Rd8 {[%emt 0:00:49]} 26. Nc6 {[%emt 0:04:53]}
Bxc6 {[%emt 0:00:05]} 27. Rxc6 {[%emt 0:00:02]} Nc8 {[%emt 0:00:04]} 28. h4 {
[%emt 0:01:59]} d5 {[%emt 0:02:43]} 29. g4 {[%emt 0:06:40]} Na7 {[%emt 0:01:02]
} 30. Rc5 {[%emt 0:02:00]} Bf8 {[%emt 0:01:10]} 31. Rc7 {[%emt 0:05:20]} Nb5 {
[%emt 0:00:40]} 32. Rc6 {[%emt 0:00:06]} Bg7 {[%emt 0:02:43]} 33. Be3 {[%emt 0:
01:37]} h5 {[%emt 0:00:54]} 34. Kf2 {[%emt 0:02:41]} Bf6 {[%emt 0:05:08]} 35.
Kg3 {[%emt 0:00:03]} hxg4 {[%emt 0:00:47]} 36. Kxg4 {[%emt 0:01:27]} Nd6 {
[%emt 0:04:15]} 37. Bg5 {[%emt 0:01:27]} Kg7 {[%emt 0:02:06]} 38. Ne3 {[%emt 0:
02:08]} Nb5 {[%emt 0:01:18]} 39. Nc2 {[%emt 0:00:29]} Ra8 {[%emt 0:00:21]} 40.
Bxf6+ {[%emt 0:02:19]} Kxf6 {[%emt 0:00:05]} 41. Kf4 {[%emt 0:00:50]} Ra4 {
[%emt 0:01:01]} 42. Ke3 {[%emt 0:00:05]} Rc4 {[%emt 0:17:47]} 43. Rxc4 {
[%emt 0:01:33]} dxc4 {[%emt 0:00:04]} 44. Ke4 {[%emt 0:07:18]} Nd6+ {[%emt 0:
02:01]} 45. Kf4 {[%emt 0:00:10]} Nf5 {[%emt 0:00:23]} 46. Kg4 {[%emt 0:00:04]}
Ke7 {[%emt 0:18:57]} 47. h5 {[%emt 0:07:01]} gxh5+ {[%emt 0:00:04]} 48. Kxh5 {
[%emt 0:00:00]} Kd6 {[%emt 0:00:07]} 49. Kg5 {[%emt 0:00:10]} Kd5 {[%emt 0:00:
13]} 50. Kf6 {[%emt 0:00:11]} c3 {[%emt 0:01:03]} 51. Kxf7 {[%emt 0:04:27]}
Nxd4 {[%emt 0:00:05]} 52. Ne3+ {[%emt 0:04:57]} Ke5 {[%emt 0:00:20]} 53. Nd1 {
[%emt 0:07:31]} c2 {[%emt 0:00:11]} 54. Nb2 {[%emt 0:00:09]} Nxf3 {[%emt 0:02:
04]} 55. Nd3+ {[%emt 0:00:29]} Kd4 {[%emt 0:03:42]} 56. Nc1 {[%emt 0:00:20]} e5
{[%emt 0:00:05]} 57. Kf6 {[%emt 0:00:04]} e4 {[%emt 0:00:28]} 58. Kf5 {[%emt 0:
00:11]} Ne1 {[%emt 0:00:16]} 59. Nb3+ {[%emt 0:02:57]} Ke3 {[%emt 0:00:20]} 60.
Nc1 {[%emt 0:00:53]} Nd3 {[%emt 0:00:09]} 0-1

[Event "23rd ETCC Women 2021"]
[Site "Catez"]
[Date "2021.11.20"]
[Round "8.22"]
[White "Mkrtchian, Lilit"]
[Black "Baginskaite, Kamile"]
[Result "1/2-1/2"]
[WhiteElo "2379"]
[BlackElo "2100"]
[Annotator "NA"]
[PlyCount "102"]
[EventDate "2021.11.08"]
[EventType "team-tourn"]
[EventCountry "SLO"]
[SourceTitle "playchess.com"]
[Source "ChessBase"]
[SourceQuality "1"]
[WhiteTeam "Armenia"]
[BlackTeam "Lithuania"]
[WhiteTeamCountry "ARM"]
[BlackTeamCountry "LTU"]
[TimeControl "40/5400+30:1800+30"]

1. c4 {[%emt 0:00:13]} e5 {[%emt 0:00:26]} 2. Nc3 {[%emt 0:00:40]} Nf6 {
[%emt 0:00:34]} 3. Nf3 {[%emt 0:00:18]} Nc6 {[%emt 0:00:47]} 4. g3 {[%emt 0:00:
12]} d5 {[%emt 0:02:12]} 5. cxd5 {[%emt 0:00:08]} Nxd5 {[%emt 0:00:03]} 6. Bg2
{[%emt 0:00:06]} Nb6 {[%emt 0:00:48]} 7. a3 {[%emt 0:00:11]} a5 {[%emt 0:00:51]
} 8. d3 {[%emt 0:00:55]} Be7 {[%emt 0:05:04]} 9. O-O {[%emt 0:00:08]} O-O {
[%emt 0:00:05]} 10. Be3 {[%emt 0:00:05]} Be6 {[%emt 0:00:18]} 11. Na4 {[%emt 0:
00:28]} Nd5 {[%emt 0:04:33]} 12. Bc5 {[%emt 0:00:43]} b6 {[%emt 0:00:29]} 13.
Bxe7 {[%emt 0:00:24]} Ndxe7 {[%emt 0:00:12]} 14. b4 {[%emt 0:23:12]} axb4 {
[%emt 0:29:33]} 15. axb4 {[%emt 0:00:05]} Ra7 {[%emt 0:00:45]} 16. b5 {[%emt 0:
07:57]} Nd4 {[%emt 0:00:21]} 17. Nc3 {[%emt 0:00:34]} Rxa1 {[%emt 0:02:00]} 18.
Qxa1 {[%emt 0:00:06]} f6 {[%emt 0:00:14]} 19. Nxd4 {[%emt 0:02:38]} Qxd4 {
[%emt 0:18:42]} 20. Rc1 {[%emt 0:13:08]} Rd8 {[%emt 0:00:43]} 21. Qa7 {[%emt 0:
02:50]} Qc5 {[%emt 0:04:44]} 22. Qa1 {[%emt 0:07:54]} Qd4 {[%emt 0:03:25]} 23.
Qa3 {[%emt 0:06:30]} Qd6 {[%emt 0:01:27]} 24. Qxd6 {[%emt 0:06:17]} cxd6 {
[%emt 0:07:40]} 25. Na4 {[%emt 0:01:02]} Rc8 {[%emt 0:00:09]} 26. Rb1 {[%emt 0:
15:56]} Rb8 {[%emt 0:00:36]} 27. Kf1 {[%emt 0:00:45]} d5 {[%emt 0:01:41]} 28.
Ke1 {[%emt 0:02:09]} Kf7 {[%emt 0:00:40]} 29. Rc1 {[%emt 0:00:36]} Rc8 {
[%emt 0:02:36]} 30. Rb1 {[%emt 0:00:03]} Rb8 {[%emt 0:00:22]} 31. e3 {[%emt 0:
04:40]} Bd7 {[%emt 0:02:21]} 32. Kd2 {[%emt 0:00:20]} Ke6 {[%emt 0:00:53]} 33.
Rb2 {[%emt 0:03:58]} Kd6 {[%emt 0:00:23]} 34. Kc3 {[%emt 0:00:16]} Nc8 {
[%emt 0:02:35]} 35. Kb4 {[%emt 0:01:56]} Ra8 {[%emt 0:00:32]} 36. Nc3 {[%emt 0:
00:20]} Ne7 {[%emt 0:00:42]} 37. Ra2 {[%emt 0:00:33]} Rxa2 {[%emt 0:02:55]} 38.
Nxa2 {[%emt 0:00:00]} d4 {[%emt 0:00:41]} 39. exd4 {[%emt 0:00:33]} exd4 {
[%emt 0:00:05]} 40. Nc1 {[%emt 0:00:09]} Nd5+ {[%emt 0:01:01]} 41. Kc4 {
[%emt 0:11:01]} Nc7 {[%emt 0:01:27]} 42. Kxd4 {[%emt 0:00:47]} Nxb5+ {[%emt 0:
01:07]} 43. Kc4 {[%emt 0:00:06]} Nc7 {[%emt 0:01:29]} 44. Ne2 {[%emt 0:00:59]}
Bb5+ {[%emt 0:01:01]} 45. Kc3 {[%emt 0:02:24]} Ne6 {[%emt 0:03:46]} 46. h4 {
[%emt 0:02:44]} g5 {[%emt 0:03:49]} 47. Be4 {[%emt 0:03:25]} h6 {[%emt 0:00:40]
} 48. Bf5 {[%emt 0:08:17]} Be8 {[%emt 0:01:09]} 49. hxg5 {[%emt 0:05:06]} fxg5
{[%emt 0:01:40]} 50. g4 {[%emt 0:01:06]} Ke5 {[%emt 0:04:45]} 51. d4+ {[%emt 0:
00:10]} Kd5 {[%emt 0:00:16]} 1/2-1/2

[Event "23rd ETCC Women 2021"]
[Site "Catez"]
[Date "2021.11.20"]
[Round "8.23"]
[White "Simkunaite, Gabija"]
[Black "Sargsyan, Anna M."]
[Result "1-0"]
[WhiteElo "1962"]
[BlackElo "2385"]
[Annotator "NA"]
[PlyCount "105"]
[EventDate "2021.11.08"]
[EventType "team-tourn"]
[EventCountry "SLO"]
[SourceTitle "playchess.com"]
[Source "ChessBase"]
[SourceQuality "1"]
[WhiteTeam "Lithuania"]
[BlackTeam "Armenia"]
[WhiteTeamCountry "LTU"]
[BlackTeamCountry "ARM"]
[TimeControl "40/5400+30:1800+30"]

1. e4 {[%emt 0:00:00]} c6 {[%emt 0:47:50]} 2. d4 {[%emt 0:00:00]} d5 {[%emt 0:
00:30]} 3. exd5 {[%emt 0:00:00]} cxd5 {[%emt 0:00:30]} 4. Bd3 {[%emt 0:00:00]}
Nc6 {[%emt 0:00:30]} 5. c3 {[%emt 0:00:00]} Nf6 {[%emt 0:00:30]} 6. Bf4 {
[%emt 0:00:00]} Bg4 {[%emt 0:00:30]} 7. Qb3 {[%emt 0:00:16]} e5 {[%emt 0:00:30]
} 8. dxe5 {[%emt 0:00:30]} Nh5 {[%emt 0:00:30]} 9. Be3 {[%emt 0:00:30]} Nxe5 {
[%emt 0:00:30]} 10. Bb5+ {[%emt 0:00:30]} Nc6 {[%emt 0:00:30]} 11. Qa4 {
[%emt 0:00:30]} Bd7 {[%emt 0:00:30]} 12. Nf3 {[%emt 0:00:30]} Bd6 {[%emt 0:00:
30]} 13. O-O {[%emt 0:00:30]} O-O {[%emt 0:00:30]} 14. Rd1 {[%emt 0:00:30]} a6
{[%emt 0:00:30]} 15. Rxd5 {[%emt 0:00:30]} axb5 {[%emt 0:00:30]} 16. Qd1 {
[%emt 0:00:30]} Bg4 {[%emt 0:00:30]} 17. Rxd6 {[%emt 0:00:30]} Qe7 {[%emt 0:00:
30]} 18. Rd5 {[%emt 0:00:30]} Rfd8 {[%emt 0:00:30]} 19. Rxd8+ {[%emt 0:00:30]}
Rxd8 {[%emt 0:00:30]} 20. Nbd2 {[%emt 0:00:30]} Ne5 {[%emt 0:00:30]} 21. Qb3 {
[%emt 0:00:30]} Bxf3 {[%emt 0:00:30]} 22. Nxf3 {[%emt 0:00:30]} Nxf3+ {[%emt 0:
00:30]} 23. gxf3 {[%emt 0:00:30]} Qd7 {[%emt 0:00:30]} 24. a4 {[%emt 0:00:30]}
bxa4 {[%emt 0:00:30]} 25. Qxa4 {[%emt 0:00:30]} Qd6 {[%emt 0:00:30]} 26. Qb4 {
[%emt 0:00:30]} Nf6 {[%emt 0:00:30]} 27. Qxb7 {[%emt 0:00:30]} Nd5 {[%emt 0:00:
30]} 28. Ra6 {[%emt 0:00:30]} Qf8 {[%emt 0:00:30]} 29. Bd4 {[%emt 0:00:30]} Qe8
{[%emt 0:00:30]} 30. Ra1 {[%emt 0:00:30]} h6 {[%emt 0:00:30]} 31. c4 {[%emt 0:
00:30]} Nf4 {[%emt 0:00:30]} 32. Be3 {[%emt 0:00:30]} Qe5 {[%emt 0:00:30]} 33.
Bxf4 {[%emt 0:00:30]} Qxf4 {[%emt 0:00:30]} 34. Qe4 {[%emt 0:00:30]} Qg5+ {
[%emt 0:00:30]} 35. Kf1 {[%emt 0:00:30]} Qd2 {[%emt 0:00:30]} 36. Rb1 {[%emt 0:
00:30]} Rd6 {[%emt 0:00:30]} 37. Qe3 {[%emt 0:00:30]} Qb4 {[%emt 0:00:30]} 38.
Qe8+ {[%emt 0:00:30]} Kh7 {[%emt 0:00:30]} 39. Qxf7 {[%emt 0:00:30]} Qc5 {
[%emt 0:00:30]} 40. b4 {[%emt 0:00:30]} Qc8 {[%emt 0:00:30]} 41. Qf4 {[%emt 0:
30:30]} Qh3+ {[%emt 0:30:30]} 42. Ke2 {[%emt 0:00:30]} Rf6 {[%emt 0:00:30]} 43.
Qg4 {[%emt 0:00:30]} Qxh2 {[%emt 0:00:30]} 44. Rb3 {[%emt 0:00:30]} Qc7 {
[%emt 0:00:30]} 45. Qe4+ {[%emt 0:00:30]} Kg8 {[%emt 0:00:30]} 46. Re3 {
[%emt 0:00:30]} Rf4 {[%emt 0:00:30]} 47. Qd5+ {[%emt 0:00:30]} Kh7 {[%emt 0:00:
30]} 48. Re4 {[%emt 0:00:30]} Rf6 {[%emt 0:00:30]} 49. c5 {[%emt 0:00:30]} Qa7
{[%emt 0:00:30]} 50. Re3 {[%emt 0:00:30]} Qa1 {[%emt 0:00:30]} 51. Qd3+ {
[%emt 0:00:30]} Kg8 {[%emt 0:00:30]} 52. Qb3+ {[%emt 0:00:30]} Kh7 {[%emt 0:00:
30]} 53. b5 {[%emt 0:00:30]} 1-0

[Event "23rd ETCC Women 2021"]
[Site "Catez"]
[Date "2021.11.20"]
[Round "8.24"]
[White "Ghukasyan, Siranush"]
[Black "Sibajeva, Marija"]
[Result "1/2-1/2"]
[WhiteElo "2168"]
[BlackElo "1946"]
[Annotator "NA"]
[PlyCount "60"]
[EventDate "2021.11.08"]
[EventType "team-tourn"]
[EventCountry "SLO"]
[SourceTitle "playchess.com"]
[Source "ChessBase"]
[SourceQuality "1"]
[WhiteTeam "Armenia"]
[BlackTeam "Lithuania"]
[WhiteTeamCountry "ARM"]
[BlackTeamCountry "LTU"]
[TimeControl "40/5400+30:1800+30"]

1. e4 {[%emt 0:00:03]} d5 {[%emt 0:00:06]} 2. exd5 {[%emt 0:00:04]} Qxd5 {
[%emt 0:00:05]} 3. Nc3 {[%emt 0:00:04]} Qa5 {[%emt 0:00:06]} 4. d4 {[%emt 0:00:
03]} Nf6 {[%emt 0:00:06]} 5. Nf3 {[%emt 0:00:04]} Bf5 {[%emt 0:00:08]} 6. Bc4 {
[%emt 0:00:07]} e6 {[%emt 0:00:05]} 7. Bd2 {[%emt 0:00:10]} Bb4 {[%emt 0:00:07]
} 8. Nh4 {[%emt 0:02:57]} Bg6 {[%emt 0:01:36]} 9. Nxg6 {[%emt 0:00:40]} hxg6 {
[%emt 0:00:09]} 10. Qe2 {[%emt 0:01:27]} Qh5 {[%emt 0:09:35]} 11. O-O-O {
[%emt 0:04:29]} Qxe2 {[%emt 0:00:56]} 12. Bxe2 {[%emt 0:00:09]} Nc6 {[%emt 0:
01:01]} 13. Nb5 {[%emt 0:07:09]} Bxd2+ {[%emt 0:00:35]} 14. Rxd2 {[%emt 0:00:
08]} O-O-O {[%emt 0:01:22]} 15. Bf3 {[%emt 0:00:36]} a6 {[%emt 0:07:27]} 16.
Bxc6 {[%emt 0:04:53]} bxc6 {[%emt 0:00:10]} 17. Na3 {[%emt 0:04:20]} Ne4 {
[%emt 0:01:49]} 18. Re2 {[%emt 0:00:13]} Rxd4 {[%emt 0:00:22]} 19. c3 {[%emt 0:
00:04]} Ra4 {[%emt 0:00:09]} 20. Nc2 {[%emt 0:06:41]} Nd6 {[%emt 0:06:44]} 21.
Nb4 {[%emt 0:02:10]} Kb7 {[%emt 0:04:34]} 22. Re5 {[%emt 0:07:31]} Rh5 {
[%emt 0:00:55]} 23. Rhe1 {[%emt 0:00:30]} Ra5 {[%emt 0:10:39]} 24. Rxa5 {
[%emt 0:03:59]} Rxa5 {[%emt 0:00:06]} 25. a3 {[%emt 0:02:13]} Rg5 {[%emt 0:04:
16]} 26. g3 {[%emt 0:01:02]} Rf5 {[%emt 0:01:08]} 27. Nd3 {[%emt 0:00:32]} Kb6
{[%emt 0:11:40]} 28. Kc2 {[%emt 0:00:32]} g5 {[%emt 0:01:21]} 29. Re2 {[%emt 0:
01:05]} g4 {[%emt 0:10:30]} 30. Ne5 {[%emt 0:00:16]} Rg5 {[%emt 0:00:43]}
1/2-1/2

[Event "23rd ETCC Women 2021"]
[Site "Catez"]
[Date "2021.11.20"]
[Round "8.25"]
[White "Paehtz, Elisabeth"]
[Black "Atalik, Ekaterina"]
[Result "1/2-1/2"]
[WhiteElo "2485"]
[BlackElo "2430"]
[Annotator "ChessBase"]
[PlyCount "117"]
[EventDate "2021.11.08"]
[EventType "team-tourn"]
[EventCountry "SLO"]
[SourceTitle "playchess.com"]
[Source "ChessBase"]
[SourceQuality "1"]
[WhiteTeam "Germany"]
[BlackTeam "Turkey"]
[WhiteTeamCountry "GER"]
[BlackTeamCountry "TUR"]
[TimeControl "40/5400+30:1800+30"]

1. e4 {[%emt 0:00:02]} c6 {[%emt 0:00:13]} 2. Nc3 {[%emt 0:00:06]} d5 {[%emt 0:
00:13]} 3. d4 {[%emt 0:00:24]} dxe4 {[%emt 0:00:13]} 4. Nxe4 {[%emt 0:00:05]}
Bf5 {[%emt 0:00:08]} 5. Ng3 {[%emt 0:00:04]} Bg6 {[%emt 0:00:08]} 6. h4 {
[%emt 0:00:07]} h6 {[%emt 0:00:18]} 7. Nf3 {[%emt 0:00:06]} e6 {[%emt 0:00:17]}
8. Ne5 {[%emt 0:00:05]} Bh7 {[%emt 0:00:10]} 9. Bd3 {[%emt 0:00:04]} Bxd3 {
[%emt 0:00:26]} 10. Qxd3 {[%emt 0:00:05]} Nd7 {[%emt 0:00:43]} 11. Qe2 {
[%emt 0:00:17]} Ngf6 {[%emt 0:02:04]} 12. Bd2 {[%emt 0:00:42]} Be7 {[%emt 0:02:
54]} 13. O-O-O {[%emt 0:00:00]} O-O {[%emt 0:01:30]} 14. f4 {[%emt 0:02:08]}
Bd6 {[%emt 0:10:18]} 15. Kb1 {[%emt 0:02:22]} Qc7 {[%emt 0:04:02]} 16. Qf3 {
[%emt 0:32:18]} b5 {[%emt 0:08:13]} 17. Ne2 {[%emt 0:07:54]} h5 {[%emt 0:08:18]
} 18. Rhg1 {[%emt 0:09:41]} Bxe5 {[%emt 0:05:08]} 19. dxe5 {[%emt 0:02:42]} Ng4
{[%emt 0:00:41]} 20. Ng3 {[%emt 0:00:50]} g6 {[%emt 0:02:25]} 21. Ne4 {[%emt 0:
13:43]} Rad8 {[%emt 0:11:15]} 22. Be3 {[%emt 0:06:10]} c5 {[%emt 0:10:23]} 23.
Rd2 {[%emt 0:05:17]} b4 {[%emt 0:05:01]} 24. Rgd1 {[%emt 0:02:24]} Kg7 {
[%emt 0:10:09]} 25. Rd6 {[%emt 0:02:04]} c4 {[%emt 0:02:04]} 26. g3 {[%emt 0:
04:16]} c3 {[%emt 0:02:27]} 27. Bg1 {[%emt 0:00:56]} Nb6 {[%emt 0:02:47]} 28.
Bxb6 {[%emt 0:01:06]} axb6 {[%emt 0:00:03]} 29. Rxd8 {[%emt 0:01:17]} Rxd8 {
[%emt 0:00:06]} 30. Rxd8 {[%emt 0:00:04]} Qxd8 {[%emt 0:00:09]} 31. Nd6 {
[%emt 0:02:25]} Qd7 {[%emt 0:06:04]} 32. bxc3 {[%emt 0:01:15]} bxc3 {[%emt 0:
00:32]} 33. Qxc3 {[%emt 0:00:08]} Nh6 {[%emt 0:02:08]} 34. Qc4 {[%emt 0:02:48]}
Ng4 {[%emt 0:01:47]} 35. Qe4 {[%emt 0:01:52]} Nh6 {[%emt 0:00:44]} 36. Kb2 {
[%emt 0:00:15]} Nf5 {[%emt 0:01:31]} 37. Nxf5+ {[%emt 0:00:15]} gxf5 {[%emt 0:
00:10]} 38. Qc4 {[%emt 0:00:24]} Qd2 {[%emt 0:00:28]} 39. a4 {[%emt 0:00:35]}
Qe1 {[%emt 0:00:26]} 40. Qb3 {[%emt 0:00:55]} Qf2 {[%emt 0:00:14]} 41. Qc3 {
[%emt 0:30:17]} Qg1 {[%emt 0:31:48]} 42. Kb3 {[%emt 0:00:00]} Qb1+ {[%emt 0:00:
00]} 43. Kc4 {[%emt 0:00:00]} Qf1+ {[%emt 0:00:00]} 44. Kb4 {[%emt 0:00:00]}
Qb1+ {[%emt 0:00:00]} 45. Qb3 {[%emt 0:00:00]} Qf1 {[%emt 0:00:00]} 46. Qc3 {
[%emt 0:00:00]} Qb1+ {[%emt 0:00:00]} 47. Ka3 {[%emt 0:00:00]} Qg1 {[%emt 0:00:
00]} 48. Kb2 {[%emt 0:00:00]} Qf2 {[%emt 0:00:00]} 49. Qd3 {[%emt 0:00:00]} Qg1
{[%emt 0:00:00]} 50. Qf3 {[%emt 0:00:00]} Qd4+ {[%emt 0:00:00]} 51. Kb3 {
[%emt 0:00:00]} Qg1 {[%emt 0:00:00]} 52. Kc4 {[%emt 0:00:00]} Qc5+ {[%emt 0:00:
00]} 53. Kb3 {[%emt 0:00:00]} Qg1 {[%emt 0:00:00]} 54. Ka2 {[%emt 0:00:00]} Qd4
{[%emt 0:00:00]} 55. Qb3 {[%emt 0:00:00]} Qf2 {[%emt 0:00:00]} 56. Qc3 {
[%emt 0:00:00]} Qg1 {[%emt 0:00:00]} 57. Kb2 {[%emt 0:00:00]} Qf2 {[%emt 0:00:
00]} 58. Kb3 {[%emt 0:00:00]} Qg1 {[%emt 0:00:22]} 59. Kb4 {[%emt 0:00:00]}
1/2-1/2

[Event "23rd ETCC Women 2021"]
[Site "Catez"]
[Date "2021.11.20"]
[Round "8.26"]
[White "Caglar, Sila"]
[Black "Heinemann, Josefine"]
[Result "0-1"]
[WhiteElo "2250"]
[BlackElo "2336"]
[Annotator "NA"]
[PlyCount "52"]
[EventDate "2021.11.08"]
[EventType "team-tourn"]
[EventCountry "SLO"]
[SourceTitle "playchess.com"]
[Source "ChessBase"]
[SourceQuality "1"]
[WhiteTeam "Turkey"]
[BlackTeam "Germany"]
[WhiteTeamCountry "TUR"]
[BlackTeamCountry "GER"]
[TimeControl "40/5400+30:1800+30"]

1. e4 {[%emt 0:00:03]} c5 {[%emt 0:00:05]} 2. Nc3 {[%emt 0:00:04]} d6 {[%emt 0:
00:06]} 3. f4 {[%emt 0:00:05]} g6 {[%emt 0:00:14]} 4. Nf3 {[%emt 0:00:05]} Bg7
{[%emt 0:00:35]} 5. Bb5+ {[%emt 0:00:33]} Bd7 {[%emt 0:00:49]} 6. Bc4 {[%emt 0:
00:07]} Nc6 {[%emt 0:01:20]} 7. O-O {[%emt 0:02:54]} e6 {[%emt 0:03:26]} 8. f5
{[%emt 0:02:24]} Nf6 {[%emt 0:02:08]} 9. d3 {[%emt 0:08:32]} O-O {[%emt 0:04:
14]} 10. Qe1 {[%emt 0:09:06]} Nd4 {[%emt 0:13:29]} 11. Qh4 {[%emt 0:08:31]} d5
{[%emt 0:06:47]} 12. Nxd4 {[%emt 0:24:17]} cxd4 {[%emt 0:06:44]} 13. e5 {
[%emt 0:10:24]} dxc3 {[%emt 0:03:36]} 14. Bg5 {[%emt 0:02:07]} h6 {[%emt 0:05:
27]} 15. Bxh6 {[%emt 0:07:02]} Ng4 {[%emt 0:04:30]} 16. Qxg4 {[%emt 0:05:39]}
exf5 {[%emt 0:01:41]} 17. Qf4 {[%emt 0:04:16]} dxc4 {[%emt 0:00:57]} 18. bxc3 {
[%emt 0:00:06]} Bc6 {[%emt 0:04:44]} 19. Rae1 {[%emt 0:04:54]} cxd3 {[%emt 0:
03:22]} 20. cxd3 {[%emt 0:00:20]} Qxd3 {[%emt 0:01:21]} 21. Qg5 {[%emt 0:07:06]
} Qd8 {[%emt 0:01:46]} 22. Qf4 {[%emt 0:00:01]} Re8 {[%emt 0:01:43]} 23. Rf2 {
[%emt 0:01:53]} Qd5 {[%emt 0:00:59]} 24. Bxg7 {[%emt 0:01:20]} Kxg7 {[%emt 0:
00:05]} 25. Rd2 {[%emt 0:00:13]} Qc5+ {[%emt 0:01:12]} 26. Kh1 {[%emt 0:00:14]}
Qxc3 {[%emt 0:01:28]} 0-1

[Event "23rd ETCC Women 2021"]
[Site "Catez"]
[Date "2021.11.20"]
[Round "8.27"]
[White "Klek, Hanna Marie"]
[Black "Kocyigit, Buse Naz"]
[Result "1-0"]
[WhiteElo "2343"]
[BlackElo "2034"]
[Annotator "NA"]
[PlyCount "72"]
[EventDate "2021.11.08"]
[EventType "team-tourn"]
[EventCountry "SLO"]
[SourceTitle "playchess.com"]
[Source "ChessBase"]
[SourceQuality "1"]
[WhiteTeam "Germany"]
[BlackTeam "Turkey"]
[WhiteTeamCountry "GER"]
[BlackTeamCountry "TUR"]
[TimeControl "40/5400+30:1800+30"]

1. e4 {[%emt 0:00:02]} e5 {[%emt 0:00:16]} 2. Nf3 {[%emt 0:00:10]} Nf6 {
[%emt 0:00:09]} 3. Nc3 {[%emt 0:00:59]} Nc6 {[%emt 0:00:05]} 4. Bb5 {[%emt 0:
03:43]} Bd6 {[%emt 0:00:05]} 5. a3 {[%emt 0:01:31]} O-O {[%emt 0:01:50]} 6. d3
{[%emt 0:00:00]} a6 {[%emt 0:03:39]} 7. Bc4 {[%emt 0:01:05]} b5 {[%emt 0:04:22]
} 8. Ba2 {[%emt 0:00:12]} Bb7 {[%emt 0:01:54]} 9. Bg5 {[%emt 0:06:07]} Be7 {
[%emt 0:03:39]} 10. h4 {[%emt 0:08:28]} d6 {[%emt 0:01:46]} 11. Ne2 {[%emt 0:
02:21]} Bc8 {[%emt 0:03:48]} 12. Bxf6 {[%emt 0:06:17]} Bxf6 {[%emt 0:00:02]}
13. Bd5 {[%emt 0:00:25]} Qe8 {[%emt 0:04:38]} 14. Ng5 {[%emt 0:13:47]} Rb8 {
[%emt 0:02:42]} 15. Ng3 {[%emt 0:04:24]} g6 {[%emt 0:17:32]} 16. Nf5 {[%emt 0:
15:54]} Bxf5 {[%emt 0:10:36]} 17. exf5 {[%emt 0:00:15]} Kg7 {[%emt 0:11:59]}
18. fxg6 {[%emt 0:07:24]} hxg6 {[%emt 0:00:39]} 19. c3 {[%emt 0:05:30]} Ne7 {
[%emt 0:01:52]} 20. Qf3 {[%emt 0:03:59]} e4 {[%emt 0:06:20]} 21. Bxe4 {[%emt 0:
00:19]} d5 {[%emt 0:00:24]} 22. O-O-O {[%emt 0:02:02]} dxe4 {[%emt 0:01:34]}
23. Nxe4 {[%emt 0:00:11]} Qc6 {[%emt 0:08:04]} 24. g4 {[%emt 0:01:07]} Bxc3 {
[%emt 0:09:10]} 25. bxc3 {[%emt 0:00:50]} f5 {[%emt 0:00:51]} 26. gxf5 {
[%emt 0:00:36]} Rxf5 {[%emt 0:00:10]} 27. Qe3 {[%emt 0:01:14]} b4 {[%emt 0:02:
16]} 28. Qd4+ {[%emt 0:00:25]} Kg8 {[%emt 0:00:27]} 29. axb4 {[%emt 0:00:29]}
Nd5 {[%emt 0:01:10]} 30. Qc4 {[%emt 0:00:57]} Qa4 {[%emt 0:01:45]} 31. Kb2 {
[%emt 0:02:43]} Rbf8 {[%emt 0:00:58]} 32. Rd2 {[%emt 0:00:56]} Qd7 {[%emt 0:01:
04]} 33. Ra1 {[%emt 0:02:29]} Qe7 {[%emt 0:00:41]} 34. Rxa6 {[%emt 0:00:32]}
Qxh4 {[%emt 0:00:20]} 35. Rxg6+ {[%emt 0:03:38]} Kh8 {[%emt 0:00:40]} 36. Qd4+
{[%emt 0:00:57]} Kh7 {[%emt 0:00:17]} 1-0